000 00429cam a22001575a 4500
001 J100844
008 000000s1923 xxk 000 0 eng u
035 _a(Sirsi) u100844
110 _aAuctioneers' and Estate Agents' Institute of the United Kingdom
_93789
245 _aExamination questions March 1923.
260 _c1923
300 _a64p.
651 4 _aUnited Kingdom
_y
690 _aBusiness and management
942 _n0
999 _c99874
_d99874